000 00723cam a2200217 4500500
005 20260322013854.0
041 _afre
042 _adc
100 1 0 _aNun, Pierrick
_eauthor
700 1 0 _aColacino, Évelina
_eauthor
700 1 0 _aMartinez, Jean
_eauthor
700 1 0 _aLamaty, Frédéric
_eauthor
700 1 0 _aMalacria, Max
_eauthor
700 1 0 _aGoddard, Jean-Philippe
_eauthor
700 1 0 _aOllivier, Cyril
_eauthor
245 0 0 _aSolvent-free chemistry
260 _c2026.
500 _a25
786 0 _nDrugs and pharmaceuticals | - | 2026-03-05 | p. 3-3
856 4 1 _uhttps://stm.cairn.info/drug-production-chemical-and-biotechnological-processes--bdti42610210-k1220-page-3?lang=en&redirect-ssocas=7080
999 _c1784276
_d1784276